Saberes y haceres antropológicos : el legado de Teresa del Valle /

I tiakina i:
Ngā taipitopito rārangi puna kōrero
Ētahi atu kaituhi: Hernández García, José María (Editor), Altuna Ramírez, Jaime (autor.), Arrieta Alberdi, Leyre (autora.), Bullen, Margaret (autora.), Egizabal Suárez, Maribel (autora.)
Hōputu: īPukapuka
Reo:Pāniora
I whakaputaina: Madrid : Los Libros de la Catarata, 2025.
Rangatū:Investigación y Debate.
Ngā marau:
Urunga tuihono:https://elibro.unach.elogim.com/es/lc/unach/titulos/292150
Tags: Tāpirihia he Tūtohu
No Tags, Be the first to tag this record!

MARC

LEADER 00000nam a2200000 i 4500
001 ELB292150
003 FINmELB
005 20260223142500.5
006 m o d |
007 cr cnu||||||||
008 260221s2025 sp o 001 0 spa d
017 |a M-21494-2025  |b España 
020 |a 9788410674455  |q (print) 
020 |a 9788410674868  |q (e-book) 
035 |a (OCoLC)1574228731 
040 |a FINmELB  |b spa  |e rda  |c FINmELB 
050 4 |a GN25  |b S115 2025 
080 |a 39 
082 0 4 |a 306  |2 23 
245 0 0 |a Saberes y haceres antropológicos :  |b el legado de Teresa del Valle /  |c Jone M. Hernández García (editor) ; Jaime Altuna Ramírez, Leyre Arrieta Alberdi, Margaret Bullen, Maribel Egizabal Suárez, Carmen Díez Mintegui, Mari Luz Esteban, Carmen Gregorio Gil, Jone M. Hernández García, Virginia Maquieira D'Angelo, Beatriz Moral, Miren Urquijo. 
264 1 |a Madrid :  |b Los Libros de la Catarata,  |c 2025. 
300 |a 1 recurso en línea (179 páginas)  
336 |a texto  |b txt  |2 rdacontent/spa 
337 |a computadora  |b c  |2 rdamedia/spa 
338 |a recurso en línea  |b cr  |2 rdacarrier/spa 
490 1 |a Investigación y Debate 
500 |a incluye índice. 
500 |a incluye notas. 
588 |a Descripción basada en metadatos suministrados por el editor y otras fuentes. 
590 |a Recurso electrónico. Santa Fe, Arg.: elibro, 2026. Disponible vía World Wide Web. El acceso puede estar limitado para las bibliotecas afiliadas a elibro. 
600 1 4 |a Valle, Teresa del,  |d 1937-2025,  |x crítica e intepretación. 
650 4 |a Antropología. 
650 4 |a Antropología  |v Biografías. 
655 4 |a Libros electrónicos. 
700 1 |a Hernández García, José María,  |e editor. 
700 1 |a Altuna Ramírez, Jaime,  |e autor. 
700 1 |a Arrieta Alberdi, Leyre,  |e autora. 
700 1 |a Bullen, Margaret,  |e autora. 
700 1 |a Egizabal Suárez, Maribel,  |e autora. 
797 2 |a elibro, Corp. 
830 0 |a Investigación y Debate. 
856 4 0 |u https://elibro.unach.elogim.com/es/lc/unach/titulos/292150